000 01007cam a22002651 4500
001 8368
003 BD-RjUL
005 20211208234557.0
008 140118s1958 xx 101 0 eng d
035 _a(BD-RjUL)8413
035 _a(OCoLC)1448207
040 _aDLC
_cOClU
_dUk
_dDLC
_beng
041 _aeng
082 _a355.4072
_bOPE 1958
111 2 _aNATO Conference on Operational Research
_d(1957 :
_cParis)
_9156491
245 1 0 _aOperational research in practice :
_breport of a NATO conference /
_cGeneral editors: Max Davies [and] Michel Verhulst.
260 _aNew York :
_bPublished for and on behalf of Advisory Group of Aeronautical Research and Development, North Atlantic Treaty Organization by Pergamon Press,
_cc1958.
300 _aix, 201 p. :
_bill. ;
_c26 cm.
500 _aEnglish and French.
504 _aIncludes bibliographies.
650 0 _aOperations research
_xCongresses
_922038
650 0 _aMilitary research
_xCongresses
_926063
942 _2ddc
_cBK
999 _c8368
_d8368